000 00532nam a22001937a 4500
001 157858
003 OSt
005 20240529134428.0
008 240529b |||||||| |||| 00| 0 POR d
022 _a7897653536108
040 _bPortuguês
_cColégio Cândido Portinari
082 _a028.5
100 0 _aSousa, Maurício de
_91513
245 _aCascão: perrengue na escola.
260 _aSão Paulo: Maurício de Sousa editora, 2024.
300 _a50p.; il.
650 0 _aHistórias em quadrinhos
_91139
942 _2udc
_cBK
_n0
999 _c157858
_d157858